Samuel Morris & the march of faith / (Record no. 7902)
[ view plain ]
| 000 -LEADER | |
|---|---|
| fixed length control field | 00828cam a2200253Ia 4500 |
| 001 - CONTROL NUMBER | |
| control field | 10699658 |
| 003 - CONTROL NUMBER IDENTIFIER | |
| control field | OCoLC |
| 005 - DATE AND TIME OF LATEST TRANSACTION | |
| control field | 20190319120813.0 |
| 008 - FIXED-LENGTH DATA ELEMENTS--GENERAL INFORMATION | |
| fixed length control field | 840507s1942 mnuac 000 0beng d |
| 035 ## - SYSTEM CONTROL NUMBER | |
| System control number | (OCoLC)10699658 |
| 040 ## - CATALOGING SOURCE | |
| Original cataloging agency | IMF |
| Language of cataloging | eng |
| Transcribing agency | IMF |
| Modifying agency | OCLCG |
| -- | OCLCQ |
| -- | CFT |
| -- | OCLCF |
| -- | OCLCQ |
| -- | CIRBC |
| 082 04 - DEWEY DECIMAL CLASSIFICATION NUMBER | |
| Classification number | 270.81 |
| Item number | B181s |
| 092 0# - LOCALLY ASSIGNED DEWEY CALL NUMBER (OCLC) | |
| Classification number | 270.81 |
| Item number | M8776b |
| 100 1# - MAIN ENTRY--PERSONAL NAME | |
| Personal name | Baldwin, Lindley J. |
| 245 10 - TITLE STATEMENT | |
| Title | Samuel Morris & the march of faith / |
| Statement of responsibility, etc. | by Lindley Baldwin. |
| 246 3# - VARYING FORM OF TITLE | |
| Title proper/short title | Samuel Morris and the march of faith |
| 260 ## - PUBLICATION, DISTRIBUTION, ETC. | |
| Place of publication, distribution, etc. | Minneapolis : |
| Name of publisher, distributor, etc. | Bethany House Publishers, |
| Date of publication, distribution, etc. | ©1942 |
| Date of manufacture | (1971 printing) |
| 300 ## - PHYSICAL DESCRIPTION | |
| Extent | 94 pages : |
| Other physical details | illustrations, portrait ; |
| Dimensions | 19 cm |
| 336 ## - CONTENT TYPE | |
| Content type term | text |
| Content type code | txt |
| Source | rdacontent |
| 337 ## - MEDIA TYPE | |
| Media type term | unmediated |
| Media type code | n |
| Source | rdamedia |
| 338 ## - CARRIER TYPE | |
| Carrier type term | volume |
| Carrier type code | nc |
| Source | rdacarrier |
| 600 10 - SUBJECT ADDED ENTRY--PERSONAL NAME | |
| Personal name | Morris, Samuel, |
| Dates associated with a name | 1873-1893. |
| 942 ## - ADDED ENTRY ELEMENTS (KOHA) | |
| Source of classification or shelving scheme | Dewey Decimal Classification |
| Koha item type | Books |
| Withdrawn status | Lost status | Source of classification or shelving scheme | Damaged status | Not for loan | Collection code | Home library | Current library | Shelving location | Date acquired | Cost, normal purchase price | Total Checkouts | Full call number | Barcode | Date last seen | Price effective from | Koha item type |
|---|---|---|---|---|---|---|---|---|---|---|---|---|---|---|---|---|
| Dewey Decimal Classification | Non-fiction | Harvest Mission College | Harvest Mission College | General Stacks | 19.03.2019 | 120.00 | 270.81 B181s | 009028 | 19.03.2019 | 19.03.2019 | Books |
